LEADER 01041nam0 22002651i 450 001 UON00315103 005 20231205104114.66 100 $a20080909d1948 |0itac50 ba 101 $ascc$aSCR 102 $aYU 105 $a|||| 1|||| 200 1 $aIzgradnja nove Jugoslavije$fJosip Broz Tito 210 $aBeograd$cKultura$d1948 215 $a2 v.$d20 cm. 606 $aJUGOSLAVIA$xStoria$3UONC043620$2FI 620 $aRS$dBelgrado$3UONL001000 700 0$aTITO$3UONV137035$0469979 712 $aKultura$3UONV267975$4650 790 1$aBROZ, Josip$zTITO$3UONV137036 801 $aIT$bSOL$c20240220$gRICA 912 $aUON00315103 950 $aSIBA - SISTEMA BIBLIOTECARIO DI ATENEO$dSI FONDO NAP NAPOLITANO 0639 $eSI SG 1002 5 0639 950 $aSIBA - SISTEMA BIBLIOTECARIO DI ATENEO$dSI FONDO NAP NAPOLITANO 0639 $eSI SG 1003 5 0639 996 $aIzgradnja nove Jugoslavije$91374100 997 $aUNIOR